| 000 | 00751nam a2200217 i 4500 | ||
|---|---|---|---|
| 001 | 150927 | ||
| 003 | ES-MaACL | ||
| 005 | 20250731063043.0 | ||
| 007 | t| | ||
| 008 | 071120q18451899sp ||||1| spa d | ||
| 100 | 1 |
_aDarwin, Charles, _d1809-1882 _942770 |
|
| 245 | 1 | 0 |
_aMi viaje alrededor del mundo / _cCarlos Darwin ; traducción de Constantino Piquer. |
| 260 |
_aValencia : _bF. Sempere y Cia., _c[18--?] ( _fA. López y Cia.) |
||
| 300 |
_a2 v. ; _c19 cm. |
||
| 500 | _aEl prólogo está fechado en 1845. | ||
| 600 | 1 | 4 |
_aDarwin, Charles, _d1809-1882 _942770 |
| 611 | 2 |
_aBeagle Expedition. _d(1831-1836) _939 |
|
| 651 | 4 |
_aAmérica del Sur- _xDescripción- _yS.XIX. _97713 |
|
| 852 |
_aES-MaACL _jD-1487-88 |
||
| 999 |
_c150927 _d150927 |
||